[Event "Belgrade Jezero op"]
[Site "Belgrade"]
[Date "2017.08.06"]
[Round "2"]
[White "Djokic, Nenad"]
[Black "Popic, Simeon"]
[Result "1-0"]
[WhiteElo "2317"]
[BlackElo "2061"]
[PlyCount "101"]
[EventDate "2017.08.05"]
[EventType "swiss"]
[EventRounds "9"]
[EventCountry "SRB"]
[SourceTitle "CBM 180 Extra"]
[Source "ChessBase"]
[SourceDate "2017.10.06"]
[SourceVersion "1"]
[SourceVersionDate "2017.10.06"]
[SourceQuality "1"]

1. d4 Nf6 2. Nf3 g6 3. c4 Bg7 4. Nc3 d5 5. cxd5 Nxd5 6. e4 Nxc3 7. bxc3 0-0 8. Be2 c5 9. Rb1 Nc6 10. d5 Bxc3+ 11. Bd2 Bxd2+ 12. Qxd2 Nd4 13. Nxd4 cxd4 14. Qxd4 Qa5+ 15. Qd2 Qxd2+ 16. Kxd2 Rd8 17. Ke3 e6 18. dxe6 Bxe6 19. Rxb7 Rdc8 20. Rb2 Rc3+ 21. Kf4 Ra3 22. Ra1 Kg7 23. f3 Rc8 24. Bd1 Rcc3 25. h4 h5 26. Kg3 Kf6 27. Bc2 a5 28. Bd1 Ke5 29. Rd2 Kf6 30. Kf4 Ke7 31. Be2 Kf6 32. Bb5 Rc7 33. Ba6 Ke7 34. Bf1 Rc5 35. Kg3 Kf6 36. Ba6 g5 37. Bb7 g4 38. Bd5 gxf3 39. gxf3 Bg4 40. Rf1 Rcc3 41. Bb3 a4 42. Bd1 Be6 43. Rff2 Re3 44. Kf4 Re1 45. Rd4 Rh1 46. Kg3 Rh3+ 47. Kg2 Rxh4 48. Rxa4 Rxa4 49. Bxa4 Rf4 50. Bb3 Ke5 51. Rc2 1-0

[Event "Vojvodina-chT"]
[Site "Pancevo"]
[Date "2005.10.06"]
[Round "6"]
[White "Popic, Simeon"]
[Black "Stajic, Petar"]
[Result "0-1"]
[WhiteElo "2073"]
[BlackElo "2193"]
[PlyCount "90"]
[EventDate "2005.10.03"]
[EventType "team"]
[EventRounds "9"]
[EventCountry "YUG"]
[SourceTitle "CBM 108 Extra"]
[Source "ChessBase"]
[SourceDate "2005.11.04"]
[SourceVersion "1"]
[SourceVersionDate "2005.11.04"]
[SourceQuality "1"]

1. e4 c5 2. Nf3 Nc6 3. d4 cxd4 4. Nxd4 Nf6 5. Nc3 e5 6. Nb3 Bb4 7. Bd3 d5 8. exd5 Nxd5 9. 0-0 Nxc3 10. bxc3 Bxc3 11. Ba3 Bb4 12. Bxb4 Nxb4 13. Bb5+ Nc6 14. Bxc6+ bxc6 15. Qe2 0-0 16. Qxe5 Qd5 17. Qc3 Be6 18. Na5 c5 19. Rfd1 Qg5 20. Nc6 Rfe8 21. Qf3 Rac8 22. Nxa7 Bg4 23. Qg3 Bxd1 24. Rxd1 Qd2 25. Rf1 Re1 26. Qd3 Qxd3 27. cxd3 Rxf1+ 28. Kxf1 Ra8 29. Nb5 Rxa2 30. Nc3 Rc2 31. Ne4 f5 32. Nd6 g6 33. g4 fxg4 34. Ne4 h5 35. Kg2 Kf7 36. Kg3 Ke6 37. Kf4 Kd5 38. Ke3 Rc1 39. Nf6+ Ke5 40. Ne4 Kd5 41. Nf6+ Kc6 42. Ng8 Kd6 43. Nf6 Rh1 44. Kf4 Rxh2 45. Kg5 Ke5 0-1

[Event "Vojvodina-chT"]
[Site "Pancevo"]
[Date "2005.10.04"]
[Round "2"]
[White "Popic, Simeon"]
[Black "Cengija, Vanja"]
[Result "0-1"]
[WhiteElo "2073"]
[BlackElo "2232"]
[PlyCount "70"]
[EventDate "2005.10.03"]
[EventType "team"]
[EventRounds "9"]
[EventCountry "YUG"]
[SourceTitle "CBM 108 Extra"]
[Source "ChessBase"]
[SourceDate "2005.11.04"]
[SourceVersion "1"]
[SourceVersionDate "2005.11.04"]
[SourceQuality "1"]

1. d4 d5 2. c4 dxc4 3. Nc3 a6 4. Nf3 b5 5. a4 b4 6. Nb1 e6 7. e3 Nf6 8. Bxc4 Bb7 9. 0-0 Nbd7 10. a5 c5 11. Qe2 Qc7 12. Nbd2 Bd6 13. h3 0-0 14. Nb3 cxd4 15. Nbxd4 e5 16. Nf5 e4 17. N3d4 Bc5 18. b3 g6 19. Bxf7+ Kxf7 20. Nh6+ Ke7 21. Bb2 Ne5 22. Rad1 Rad8 23. Ba1 Nd5 24. Rc1 Qd6 25. Rxc5 Qxc5 26. Ndf5+ gxf5 27. Qh5 Nc3 28. Qg5+ Ke6 29. Kh1 Qe7 30. Qh5 Rf6 31. g4 fxg4 32. hxg4 Rxh6 33. Qxh6+ Qf6 34. g5 Qxh6+ 35. gxh6 Nf3 0-1

[Event "SCG-chT Vojvodina"]
[Site "Sombor"]
[Date "2004.09.30"]
[Round "8.6"]
[White "Strbac, Mladen"]
[Black "Popic, Simeon"]
[Result "1/2-1/2"]
[WhiteElo "2219"]
[BlackElo "2089"]
[PlyCount "137"]
[EventDate "2004.09.25"]
[EventType "team"]
[EventRounds "11"]
[EventCountry "YUG"]
[SourceTitle "CBM 102 Extra"]
[Source "ChessBase"]
[SourceDate "2004.11.03"]
[SourceVersion "1"]
[SourceVersionDate "2004.11.03"]
[SourceQuality "1"]
[WhiteTeam "06"]
[BlackTeam "11"]
[WhiteTeamCountry "YUG"]
[BlackTeamCountry "YUG"]

1. e4 e6 2. d4 c5 3. d5 d6 4. dxe6 Bxe6 5. c4 Nf6 6. Nc3 Be7 7. f4 Nc6 8. Nf3 0-0 9. Be2 Bg4 10. Be3 Re8 11. h3 Bd7 12. Bd3 Bf8 13. 0-0 Nb4 14. Bb1 Bc6 15. Nd2 g6 16. a3 Na6 17. g4 Nc7 18. Qf3 Bg7 19. Bc2 d5 20. cxd5 Nfxd5 21. Nxd5 Bxd5 22. Bxc5 Bc6 23. Nb3 Ne6 24. Rad1 Qc7 25. Be3 Ba4 26. Rf2 Rad8 27. Rfd2 Rxd2 28. Rxd2 Bxb2 29. f5 Ng7 30. Nd4 Bxd4 31. Bxa4 Qc1+ 32. Kg2 Bxe3 33. Qxe3 Rf8 34. Bb3 gxf5 35. gxf5 Qa1 36. e5 Kh8 37. Bc2 Rg8 38. Kh2 Qf1 39. Rf2 Nxf5 40. Rxf1 Nxe3 41. Rf2 Re8 42. Be4 Kg7 43. Rf3 Nc4 44. Bxb7 Nxe5 45. Rf4 Re7 46. Bg2 Ng6 47. Rc4 Re2 48. Ra4 h5 49. Kg3 h4+ 50. Kf3 Re7 51. Kg4 Re3 52. Be4 Rg3+ 53. Kh5 Rxh3 54. Bxg6 fxg6+ 55. Kg4 Rh1 56. Rxa7+ Kh6 57. a4 h3 58. a5 Ra1 59. Kxh3 Kg5 60. a6 Ra3+ 61. Kg2 Kg4 62. Ra8 Ra2+ 63. Kf1 g5 64. a7 Ra5 65. Kf2 Rf5+ 66. Kg2 Rf7 67. Kg1 Kf4 68. Kf2 g4 69. Kg2 1/2-1/2